000 00342cam a22001097a 4500
008 180718b1950 xxu||||| |||| 00| 0 eng d
082 _aT19x595 In2
245 _aIndians in malayan economy
_cby Office of the Economic Adviser
260 _aNew Delhi
_bGovernment of India
_c1950
300 _a57p
700 _aIndia. Office of the Economic Adviser
999 _c422390
_d422390